Las políticas ambientales ante las coacciones de la globalización /

সংরক্ষণ করুন:
গ্রন্থ-পঞ্জীর বিবরন
প্রধান লেখক: Acselrad, Henri
বিন্যাস: পাঠ‍্য
ট্যাগগুলো: ট্যাগ যুক্ত করুন
কোনো ট্যাগ নেই, প্রথমজন হিসাবে ট্যাগ করুন!

MARC

LEADER 00000 a a2200000 04500
001 47843
003
040
100 |a Acselrad, Henri  
245 |a Las políticas ambientales ante las coacciones de la globalización /  |c Henri Acselrad  
773 |g páginas 195-212  
999 |c 27046  |d 27046